| 000 | 00340nam a22001457a 4500 | ||
|---|---|---|---|
| 003 | SGT | ||
| 020 | _a978-93-82884-97-2 | ||
| 082 |
_a617.8 _bH19J |
||
| 100 | _aJHA, VIVEK KUMAR | ||
| 245 | _aHEARING LOSS IN RENAL DISEASE | ||
| 250 | _a1ST | ||
| 260 |
_aDELHI INDIA _bSR PUBLISHING HOUSE _c2019 |
||
| 650 | _aAUDIOLOGY | ||
| 942 |
_2ddc _cBK |
||
| 999 |
_c20488 _d20488 |
||